| 000 | 00967nam a2200229 a 4500 | ||
|---|---|---|---|
| 001 | BRCA_8740 | ||
| 005 | 20190320210403.0 | ||
| 008 | 280717s199u----mx-a######---#000-0#spa-# | ||
| 041 | _aspa | ||
| 044 | _amx | ||
| 050 | 4 |
_aF1391.T5 _b.T53 1990 |
|
| 245 | 1 | 0 |
_aTlacotalpan, Veracruz. Patrimonio de la humanidad, imágenes fotográficas 1880-1950 _ccolección y presentación Lic. Armando Pous Escalante ; prólogo Lic. Guillermo Cházaro Lagos ; texto ´Tlacotalpan 1842-1915´ José María Malpica Luchichí. |
| 260 |
_a[México _bs.n. _c199-?] |
||
| 300 |
_a199 p. _bil. _c21 cm. |
||
| 651 | 4 |
_aTlacotalpan (México) _vTrabajos Ilustrados _921762 |
|
| 651 | 4 |
_aTlacotalpan (México) _vBiografía _921763 |
|
| 651 | 4 |
_aTlacotalpan (México) _xDescripción y viajes _921764 |
|
| 700 | 1 |
_aPous Escalante, Armando _921765 |
|
| 700 | 1 |
_aCházaro Lagos, Guillermo _epról. _921766 |
|
| 700 | 1 |
_aMalpica Luchichí, José María _tTlacotalpan 1842-1915 _921767 |
|
| 942 |
_2lcc _cB |
||
| 999 |
_c8392 _d8392 |
||